LEADER 01625nam a2200325 u 4500 001 000000013799 003 CaOOAMICUS 005 20070226105706.0 008 940517s1930 it u000 u ita u 035 $a10328435 040 $aPUL$bita 041 1 $aita$hlat 100 0 $aAugustinus,$cs., vesc. d'Ippona,$d354-430.$0(OLS)http://pul/name/1290 240 10$aDe civitate Dei$9(Augustinus, s., vesc. d'Ippona, 354-430).$lItaliano.$1Gruppi, scelte.$0(OLS)http://pul/title/19871 245 13$aLa cittą di Dio /$cS. Aurelio Agostino ; traduzione di capitoli e tratti scelti con larghi sunti e note per l'intelligenza dii tutta l'opera a cura di Filippo Alvaro. 260 $aSiena :$bCantagalli,$c1930. 300 $a3 v. ;$c20 cm 490 1 $aClassici cristiani 700 1 $aAlvaro, Filippo.$0(OLS)http://pul/name/7363 830 0$aClassici cristiani.$0(OLS)http://pul/title/2209 850 $aPUL 852 $aPUL$W1$xDP1 Fondo Cecchetti$y53$m260 N 22.3$j19393$nBK-PRI$bv.3$qFondi$B19395$CPULBib$Z2$F19395 $82 852 $aPUL$W1$xDP1 Fondo Cecchetti$y53$m260 N 22.1$j195390$nBK-PRI$bv.1$qFondi$B19393$CPULBib$Z2$F19393 $82 852 $aPUL$W1$xDP1 Fondo Cecchetti$y53$m260 N 22.2$j195391$nBK-PRI$bv. 2 $qFondi$B19394$CPULBib$Z2$F19394 $82 900 $aAgostino,$cs., vesc. d'Ippona,$d354-430$91290 900 $aAgostino, Aurelio,$cs., vesc. d'Ippona$d354-430$91290 941 1 $a1 961 $aEsemplare privo del primo fascicolo e delle pag. I-XIV. 996 $6245$aLa cittą di Dio$9(OLS)http://pul/title/1960 996 $6260$aSiena :$bCantagalli$9(OLS)http://pul/publisher/48759 LEADER 01276nam a2200301 a 4500 001 000000172278 003 CaOOAMICUS 005 20190710115142.0 008 190710s2019 enk u000 u eng r 020 $a978-1-316-63817-0 032 $aLibriCat 040 $aPUL$bita 245 04$aThe Cambridge Companion to Hermeneutics /$cedited by Michael N. Forster ; Kristin Gjesdal. 260 $aCambridge :$bCambridge University Press,$c©2019. 270 7$aix, 418 p. ;$c23 cm. 490 1 $aCambridge companions 504 $aBibliografia: p. 381-410. 650 4$aErmeneutica$xStudi.$0(OLS)http://pul/subject/36425 700 1 $aForster, Michael N.$0(OLS)http://pul/name/94494 700 1 $aGjesdal, Kristin.$0(OLS)http://pul/name/94495 830 0$aCambridge companions.$0(OLS)http://pul/title/142362 850 $aPUL 852 $aPUL$W1$xSL Filosofia 2$y80$mPhil A8 134$j196217$qStampati Altre Collocazioni$B200969$CPULBib$Z2$F200969 $H133146 $82 941 1 $a10 996 $6020$a978-1-316-63817-0$9(OLS)http://pul/number/166390 996 $6245$aThe Cambridge Companion to Hermeneutics$9(OLS)http://pul/title/213195 996 $6260$aCambridge :$bCambridge University Press$9(OLS)http://pul/publisher/50125